一般名詞と名称が重複する市町村 #1 北海道 - Statistics

General Stats
  • This quiz has been taken 182 times
  • The average score is 8 of 15
Answer Stats
一般名詞の語義(一例) 重複 Answer % Correct
広々とした空 綴り/読み 大空町(おおぞら・たいくう)
87%
大熊座(星座)にある七つの星の総称 綴り/読み 北斗市(ほくと)
86%
大きな木 綴りのみ 大樹町(たいじゅ)
85%
樹木が生い茂った場所 綴り/読み 森町(もり)
75%
いく重にも重なり合う雲 綴り/読み 八雲町(やくも)
72%
二人以上の人が共同し和合して事に当たること 綴り/読み 共和町(きょうわ)
71%
澄んだ綺麗な水 綴り/読み 清水町(しみず・せいすい)
70%
とまること、その日数を数える単位のこと 綴りのみ 泊村(はく)
66%
長い年月のこと 綴り/読み 千歳市(ちとせ・せんざい)
48%
半円形のこと 綴り/読み 月形町(つきがた)
41%
ふんだんにあること、様子 綴りのみ 豊富町(ほうふ)
38%
安らかで穏やかなこと、様子 綴りのみ 安平町(あんぺい)
31%
日中のこと 綴り/読み 日高町(ひだか)
27%
意気や侠気をひけらかすこと、様子 綴り/読み 伊達市(だて)
20%
香の名称の一つ 綴り/読み 三笠市(みかさ)
14%
No matching quizzes found
Score Distribution
Percent of People with Each Score
Percentile by Number Answered
Your Score History
You have not taken this quiz